| 000 | 00348nam a2200145Ia 4500 | ||
|---|---|---|---|
| 008 | 180921t2015 xxu||||| |||| 00| 0 eng d | ||
| 041 | _aeng | ||
| 080 |
_a711 _bTHE |
||
| 245 | 4 | _aThe World's Fasest Growing Destination City | |
| 260 |
_b _a _c2015 |
||
| 300 | _b153p, 30cm | ||
| 942 | _cBK | ||
| 999 |
_c5649 _d5649 |
||
| 003 | LK-CoDNM | ||
| 040 |
_aLK-CoDNM _dLK-CoDNM _eLK-CoDNM |
||